书目信息 |
| 题名: |
爱丽舍宫的断想
|
|
| 作者: | 李涛 , 姜晓东 著 | |
| 分册: | 上 | |
| 出版信息: | 北京 中国友谊出版公司 2007.09 |
|
| 页数: | 359页 | |
| 开本: | 25cm | |
| 丛书名: | ||
| 单 册: | ||
| 中图分类: | D756.59 | |
| 科图分类: | ||
| 主题词: | 政治--zheng zhi--历史--法国 | |
| 电子资源: | ||
| ISBN: | 978-7-5057-2382-5 | |
| 000 | 00844nam0 2200241 450 | |
| 001 | 364370 | |
| 005 | 20111223145541.71 | |
| 010 | @a978-7-5057-2382-5@dCNY26.00 | |
| 100 | @a20071009d2007 em y0chiy0121 ea | |
| 101 | 0 | @achi |
| 102 | @aCN@b110000 | |
| 105 | @aa z 000yy | |
| 200 | 1 | @a爱丽舍宫的断想@Aai li she gong de duan xiang@e从帝国王朝走向共和@h上@f李涛, 姜晓东著 |
| 210 | @a北京@c中国友谊出版公司@d2007.09 | |
| 215 | @a359页@c图@d25cm | |
| 330 | @a这是一个激情四射的民族,浪漫是它的色彩,激情是它的本角,这是一个热爱革命的国度,喧闹、骚乱、游行……。 | |
| 517 | 1 | @a从帝国王朝走向共和@Acong di guo wang chao zou xiang gong he |
| 606 | 0 | @a政治@Azheng zhi@x历史@y法国 |
| 690 | @aD756.59@v4 | |
| 701 | 0 | @a李涛@Ali tao@4著 |
| 701 | 0 | @a姜晓东@Ajiang xiao dong@4著 |
| 801 | 0 | @aCN@c20111223 |
| 905 | @b675187-9@dD756.59@eL276@f3 | |
| 爱丽舍宫的断想:从帝国王朝走向共和.上/李涛, 姜晓东著.-北京:中国友谊出版公司,2007.09 |
| 359页:图;25cm |
| ISBN 978-7-5057-2382-5:CNY26.00 |
| 这是一个激情四射的民族,浪漫是它的色彩,激情是它的本角,这是一个热爱革命的国度,喧闹、骚乱、游行……。 |
| ● |
| 相关链接 |
|
|
|
正题名:爱丽舍宫的断想
索取号:D756.59/L276
 
预约/预借
| 序号 | 登录号 | 条形码 | 馆藏地/架位号 | 状态 | 备注 |
| 1 | 1064781 | 210647816 | 社科库509/509社科库 78排2列1层/ [索取号:D756.59/L276] | 在馆 | |
| 2 | 1064782 | 210647825 | 社科库509/509社科库 78排2列1层/ [索取号:D756.59/L276] | 在馆 | |
| 3 | 1064783 | 210647834 | 社科库509/509社科库 78排2列1层/ [索取号:D756.59/L276] | 在馆 |